000 00815cab a2200241 4500
001 WB2841-51
008 090401t1992 xxu||||| |||| 00| 0 eng d
035 _a(Sirsi) u43778
041 _aeng
245 _aCutting pesticide usage
260 _c1992
350 _a0
490 _aMAFF News Release
_v(328/92) 15 October 1992
490 _aGuardian
_v16 October 1992, 8(3)
520 _aThe findings of the Boxworth project are published in "Pesticides, cereal farming and the environment: the Boxworth project" (HMSO 1992 £45). The research was conducted at a Government research station in Cambridgeshire between 1981-1990.
650 _aARABLE FARMING
650 _aBOXWORTH PROJECT
650 _aFARMING
650 _aPESTICIDES
690 _aRURAL PRACTICE
942 _n0
948 _c04/03/1997
999 _c27904
_d27904